| 000 | 00633nam a2200217 i 4500 | ||
|---|---|---|---|
| 001 | bgj | ||
| 100 | 1 | _aABBS, Brian | |
| 245 | 1 | 0 |
_aSnapshot Compact : _bstudents' book and workbook / _cBrian Abbs ; Chris Barker ; Ingrid Freebairn. |
| 260 |
_aHarlow, Essex : _bLongman, _c2003. |
||
| 300 |
_a175 pp : _bill. ; _c30 cm. |
||
| 650 | 9 | _aEnglish language | |
| 655 | _aTextbooks for foreigners | ||
| 700 | 1 |
_aFREEBAIRN, Ingrid. _eco-author |
|
| 700 | 1 |
_aBARKER, Chris. _eco-author |
|
| 020 | _a0582498929 | ||
| 040 | _cBPK | ||
| 041 | 0 | _aeng | |
| 920 | _a0-582-49892-9 | ||
| 942 | _cKS | ||
| 008 | s uk f |000 0 eng | ||
| 999 |
_c48887 _d48887 |
||